000
00300nam a22001337a 4500
008
181029b xxu||||| |||| 00| 0 eng d
020
_a
9780312238872
041
_a
eng
080
_a
201
100
_a
24
101
_a
TEO
245
_a
The Craft of Religious Studies
_c
Stone, J.R
942
_2
udc
_c
BK
999
_c
51052
_d
51052